| 000 | 00457nam a22001457a 4500 | ||
|---|---|---|---|
| 999 |
_c108221 _d108221 |
||
| 005 | 20181012100305.0 | ||
| 008 | 181012b ||||| |||| 00| 0 eng d | ||
| 040 | _cPK-LaUMT | ||
| 082 |
_a956.015 _bUZA-T |
||
| 100 | _aUzair, Muhammad = عزیر، محمد | ||
| 245 |
_aTareekh sultanat Usmania = تاریخ سلطنت عثمانیہ / _cMuhammad Uzair = محمد عزیر |
||
| 260 |
_aLahore : _bKitabmela, _c2018 |
||
| 300 | _a404 p. | ||
| 942 | _cBK | ||